000
00405nam a2200145Ia 4500
008
100122s9999 xx 000 0 und d
082
_b
2840
_a
823
100
_a
भिडे भि गो
245
_a
गृह सौख्य
260
_b
प्रकाशक शोधणे
_c
1924
300
_a
80
630
_a
गृह सौख्य
730
_a
गृह सौख्य
942
_c
BOOK
999
_c
397117
_d
397114